রাসূল (স)-এর ২০০শত সোনালী উপদেশ / (Record no. 10759)
[ view plain ]
| 000 -LEADER | |
|---|---|
| fixed length control field | 00794nam a2200229 a 4500 |
| 001 - CONTROL NUMBER | |
| JCCL Control Number | 10759 |
| 003 - CONTROL NUMBER IDENTIFIER | |
| JCCL marc code | BD-JhCC |
| 005 - DATE AND TIME OF LATEST TRANSACTION | |
| control field | 20220518134021.0 |
| 008 - FIXED-LENGTH DATA ELEMENTS--GENERAL INFORMATION | |
| fixed length control field | 180905s2016 bg |||| |||| 000 0 mul d |
| 020 ## - INTERNATIONAL STANDARD BOOK NUMBER | |
| International Standard Book Number | 9789843405906 |
| 035 ## - SYSTEM CONTROL NUMBER | |
| system control number | (BD-JhCC)10759 |
| 040 ## - CATALOGING SOURCE | |
| Original cataloging agency | BD-JhCC |
| Modifying agency | BD-JhCC |
| 041 ## - LANGUAGE CODE | |
| Language code of Book | Bengali and Arabic |
| 082 ## - DEWEY DECIMAL CLASSIFICATION NUMBER | |
| Classification number | 297.124 |
| Author mark and Year | MUZ 2016 |
| 100 ## - MAIN ENTRY--PERSONAL NAME | |
| Personal name | মুজাহিদ, আব্দুল মালেক |
| 245 ## - TITLE STATEMENT | |
| Title | রাসূল (স)-এর ২০০শত সোনালী উপদেশ / |
| Statement of responsibility, etc | আব্দুল মালেক মুজাহিদ, |
| 260 ## - PUBLICATION, DISTRIBUTION, ETC. (IMPRINT) | |
| Place of publication, distribution, etc | ঢাকা : |
| Name of publisher, distributor, etc | মুসলিম ভিলেজ, |
| Date of publication, distribution, etc | ২০১৬. |
| 300 ## - PHYSICAL DESCRIPTION | |
| Pagination | ১২৮ পৃ. : |
| Dimensions | ১৫ সেমি. |
| 650 ## - SUBJECT ADDED ENTRY--TOPICAL TERM | |
| Topical term or geographic name as entry element | হাদিস |
| 650 ## - SUBJECT ADDED ENTRY--TOPICAL TERM | |
| Topical term or geographic name as entry element | Hadith |
| 942 ## - ADDED ENTRY ELEMENTS (KOHA) | |
| Source of classification or shelving scheme | Dewey Decimal Classification |
| Koha item type | Books |
| Koha issues (borrowed), all copies | 5 |
| Source of classification or shelving scheme | Damaged status | Not for loan | Home library | Current library | Shelving location | Date of accession | Cost, normal purchase price | Total Checkouts | Full call number | Barcode | Date last seen | Date checked out | Copy number | Koha item type |
|---|---|---|---|---|---|---|---|---|---|---|---|---|---|---|
| Dewey Decimal Classification | JCC Rouf Library | JCC Rouf Library | General Stacks | 09/05/2018 | 300.00 | 7 | 297.124 MUZ 2016 | 14170 | 07/23/2025 | 06/25/2025 | C-1 | Books | ||
| Dewey Decimal Classification | JCC Rouf Library | JCC Rouf Library | General Stacks | 06/12/2021 | 416.00 | 4 | 297.124 MUZ 2016 | 16913 | 05/04/2025 | 04/27/2025 | C-2 | Books |